Export product development.
| Format: | Book |
|---|---|
| Published: |
Geneva:
ITC UNCTAD/GATT,
1979.
|
| Subjects: |
| LEADER | 00462cam a2200133 7i4500 | ||
|---|---|---|---|
| 001 | 0000002645 | ||
| 005 | 20080515090000.0 | ||
| 090 | 0 | 0 | |a B 658.56 |b EXP |
| 245 | 0 | 0 | |a Export product development. |
| 260 | 0 | 0 | |a Geneva: |b ITC UNCTAD/GATT, |c 1979. |
| 300 | # | # | |a 159 p. |
| 500 | 0 | 0 | |a The book discuss how to organize and manage the process of developing or adapting products for export markets |
| 650 | 0 | 0 | |a Product life cycle |
| 999 | |a 000004184 |b Book |c Open shelf |e Business Information Centre | ||